Mi primer diccionario Kichwa, español e inglés : guía docente para el uso del software /
| Main Authors: | , , |
|---|---|
| Other Authors: | |
| Format: | Electronic eBook |
| Language: | Spanish English Quechua |
| Published: |
Cuenca, Ecuador :
Universidad del Azuay, Casa Editora,
[2020]
|
| Subjects: | |
| Online Access: | Digitalia Hispánica |
MARC
| LEADER | 00000nam a2200000Ii 4500 | ||
|---|---|---|---|
| 001 | DIGUAZUAY0105 | ||
| 003 | NyNyDIG | ||
| 006 | m o d | ||
| 007 | cr ||||||||||| | ||
| 008 | 250915s2020 ec a o 000 0 spa d | ||
| 035 | |a (OCoLC)1438861192 | ||
| 040 | |a DGITA |b eng |e rda |e pn |c DGITA | ||
| 020 | |a 9789942822604 |q eBook | ||
| 041 | 0 | |a spa |a eng |a que | |
| 050 | 1 | 4 | |a PM6306 ebook |
| 100 | 1 | |a Durán Vélez, Lilian Verónica, |e author. | |
| 245 | 1 | 0 | |a Mi primer diccionario Kichwa, español e inglés : |b guía docente para el uso del software / |c textos, Lila Verónica Durán Vélez, Inti Cartuche Vacacela, Irina Fuseau Durán ; ilustración, Inti Cartuche, Pacarina Cartuche Durán. |
| 264 | 1 | |a Cuenca, Ecuador : |b Universidad del Azuay, Casa Editora, |c [2020] | |
| 300 | |a 1 online resource : |b illustrations. | ||
| 336 | |a text |b txt |2 rdacontent | ||
| 337 | |a computer |b c |2 rdamedia | ||
| 338 | |a online resource |b cr |2 rdacarrier | ||
| 347 | |a text file |2 rdaft | ||
| 347 | |b PDF | ||
| 588 | 0 | |a Online resource; title from PDF title page (Digitalia, viewed September 15, 2025) | |
| 650 | 0 | |a English language |x Dictionaries |x Quechua. | |
| 650 | 0 | |a Quechua language |x Dictionaries |x English. | |
| 650 | 0 | |a Quechua language |x Dictionaries |x Spanish. | |
| 650 | 0 | |a Spanish language |v Dictionaries |x Quechua. | |
| 655 | 7 | |a Dictionaries. |2 lcgft | |
| 700 | 1 | |a Cartuche Vacacela, Inti, |d 1980- |e author. | |
| 700 | 1 | |a Fuseau Durán, Irina, |e author. | |
| 700 | 1 | |a Cartuche Durán, Pacarina, |e illustrator. | |
| 791 | 2 | |a Digitalia (Firm), |e distributor. | |
| 793 | 0 | |g Digitalia eBook Collection: |a Universidad del Azuay | |
| 856 | 4 | 0 | |3 Digitalia Hispánica |u https://www.digitaliapublishing.com/a/133489/ |
| 910 | |a Premium collection: 2025 | ||


